| 000 | 01146nam a2200169 a 4500 | ||
|---|---|---|---|
| 005 | 20260322212008.0 | ||
| 008 | data | ||
| 099 | _aDVD WU 113 D468 | ||
| 245 | 1 | 0 | _aDental health. |
| 260 |
_aPrinceton, NJ : _bFilms for the Humanities & Sciences, _c2006. |
||
| 300 |
_a DVD video 1 videodisc (28 min.) : _bsd., col. ; 4 3/4 in. |
||
| 520 | 3 | _aGood dentists--and smart dental patients--think of the mouth as the line of defense against disease. This program details the importance of maintaining good dental health, not only for aesthetic reasons, but also to prevent diabetes, cardiovascular inflammation, and other serious health threats. Illustrating the ways that gingivitis and periodontal disease destroy gum and bone tissue, the program shows how these mouth ailments can ultimately weaken systems throughout the body, with dangerous and possibly fatal effects on the pancreas, blood vessels, heart, and even unborn babies. Interviews with respected dentists reinforce critical concepts and treatment options."--Container. | |
| 650 | 0 |
_aTeeth _xCare and hygiene |
|
| 650 | 0 |
_aTeeth _xHealth aspects |
|
| 650 | 4 | _aPreventive dentistry. | |
| 001 | data | ||
| 999 |
_c145 _d145 |
||